000 00294nam a2200121Ia 4500
008 240731s9999 xx 000 0 und d
022 _a1029-2292
245 0 _aGrowth Factors
260 _bTaylor & Francis
856 _uhttps://www.tandfonline.com/loi/igrf20
942 _2ddc
942 _cTFEJ
999 _c76779
_d76779
945 _a1
_bMadushi Gamage
_c1
_dMadushi Gamage